| 000 | 01028cam a22003135a 4500 | ||
|---|---|---|---|
| 001 | 15921136 | ||
| 005 | 20151027145956.0 | ||
| 008 | 090925s2010 enka frb 001 0 eng d | ||
| 020 | _a9781847875044 (pbk.) | ||
| 035 | _a(OCoLC)ocn437083493 | ||
| 040 |
_aUKM _cUKM _dYDXCP _dHLS _dDLC _dEG-ScBUE _beng |
||
| 082 | 0 | 4 |
_a324 _222 _bCOM |
| 245 | 0 | 0 |
_aComparing democracies 3 : _belections and voting in the 21st century / _cedited by Lawrence LeDuc, Richard G. Niemi, and Pippa Norris. |
| 246 | 3 | _aComparing democracies three | |
| 260 |
_aLondon : _bSAGE, _c2010. |
||
| 300 |
_aix, 293 p. : _bill. ; _c24 cm. |
||
| 500 | _aIncludes indexes. | ||
| 504 | _aBibliography : p. [255]-285. | ||
| 650 | 0 |
_aDemocracy. _2BUEsh |
|
| 650 | 0 |
_aComparative government. _2BUEsh |
|
| 650 | 0 |
_aElections. _2BUEsh |
|
| 651 | _2BUEsh | ||
| 653 |
_bBUSBOL _cOctober2015 |
||
| 655 |
_vReading book _934232 |
||
| 700 | 1 |
_aLeDuc, Lawrence, _eeditor. |
|
| 700 | 1 |
_aNiemi, Richard G., _eeditor. |
|
| 700 | 1 |
_aNorris, Pippa, _eeditor. |
|
| 942 | _2ddc | ||
| 999 |
_c20991 _d20963 |
||